|
|
|
|
| LEADER |
00000nam a22000007a 4500 |
| 005 |
20190418223230.0 |
| 007 |
cr|||| |||| |
| 008 |
190418s2018 co |||||s|||| 00||0 spa d |
| 020 |
|
|
|a 978-958-774-657-0
|
| 035 |
|
|
|a 23346
|
| 040 |
|
|
|a vLex
|
| 090 |
|
|
|c 8676
|d 8676
|
| 100 |
1 |
|
|a Jaramillo Sierra, Isabel C.
|
| 245 |
1 |
0 |
|a La batalla por los alimentos
|h [Recurso electrn̤ico] :
|b El papel del derecho civil en la construccin̤ del gňero y la desigualdad /
|c Isabel C. Jaramillo Sierra, Sergio Ivǹ Anzola Rodrg̕uez
|
| 256 |
|
|
|a Servicio en ln̕ea
|
| 260 |
|
|
|a Bogot:̀
|b Universidad de Los Andes (Colombia),
|c 2018
|
| 300 |
|
|
|a 1 recurso electrn̤ico
|
| 500 |
|
|
|a Las prc̀ticas asociadas al rǧimen civil de alimentos han sido poco estudiadas en Colombia y habitualmente se ha puesto un ňfasis injustificado en la relacin̤ entre la crisis del sistema y la congestin̤ judicial. Dado que la mayora̕ de aproximaciones al tema de los alimentos ha sido dogmt̀ico y formalista, este libro busca constituirse en una invitacin̤ a ampliar el lente que observa este rǧimen para poder analizar cm̤o incide en la construccin̤ del gňero y la desigualdad social y econm̤ica inscrita en ľ. Los capt̕ulos de La batalla por los alimentos coinciden en que la manera en la que se estructuran las obligaciones civiles con respecto a los alimentos –quiň est ̀obligado, cuǹto dinero est ̀obligado a pagar, por cuǹto tiempo est ̀obligado a pagar, en qu ̌casos est ̀obligado a pagar, etc.- y el grado de cumplimiento de estas construyen roles, estereotipos de gňero y desigualdad social.
|
| 506 |
1 |
|
|a Disponible solo en los productos indicados
|d vLex Global
|d vLex Global (Academic Edition, excluding Law Schools)
|d vLex Global (U.S. Academic Edition, Law Schools)
|d vLex Global (U.S. Academic Edition, excluding Law Schools)
|d vLex Global (Academic Edition, Law Schools)
|
| 650 |
0 |
4 |
|a Derecho Civil
|z Colombia
|
| 650 |
0 |
4 |
|a Familia y Sucesiones
|z Colombia
|
| 700 |
1 |
|
|a Anzola Rodrg̕uez, Sergio Ivǹ
|
| 740 |
0 |
|
|a vLex Libros (Servicio en ln̕ea)
|
| 856 |
4 |
0 |
|u http://vlex.com/source/batalla-por-los-alimentos-el-papel-del-derecho-civil-en-la-construccion-del-genero-y-la-desigualdad-23346
|z Acceso restringido
|
| 942 |
|
|
|c BOOK
|
| 999 |
0 |
|
|a Civil Law
|
| 999 |
0 |
|
|a Family and Successions
|